<?xml version="1.0" encoding="UTF-8"?>
<collection xmlns="http://www.loc.gov/MARC21/slim">
 <record>
  <leader>01527nam a2200217Ia 4500</leader>
  <controlfield tag="001">CTU_67705</controlfield>
  <controlfield tag="008">210402s9999    xx            000 0 und d</controlfield>
  <datafield tag="020" ind1=" " ind2=" ">
   <subfield code="b">55</subfield>
  </datafield>
  <datafield tag="082" ind1=" " ind2=" ">
   <subfield code="a">572.8078</subfield>
  </datafield>
  <datafield tag="082" ind1=" " ind2=" ">
   <subfield code="b">M718</subfield>
  </datafield>
  <datafield tag="245" ind1=" " ind2="0">
   <subfield code="a">Molecular biology problem solver :</subfield>
  </datafield>
  <datafield tag="245" ind1=" " ind2="2">
   <subfield code="b">A laboratory guide</subfield>
  </datafield>
  <datafield tag="245" ind1=" " ind2="0">
   <subfield code="c">Edited by Alan S. Gerstein</subfield>
  </datafield>
  <datafield tag="260" ind1=" " ind2=" ">
   <subfield code="a">New York</subfield>
  </datafield>
  <datafield tag="260" ind1=" " ind2=" ">
   <subfield code="b">Wiley-Liss</subfield>
  </datafield>
  <datafield tag="260" ind1=" " ind2=" ">
   <subfield code="c">2001</subfield>
  </datafield>
  <datafield tag="520" ind1=" " ind2=" ">
   <subfield code="a">Most research in the life sciences involves a core set of molecular–based equipment and methods, for which there is no shortage of step–by–step protocols. Nonetheless, there remains an exceedingly high number of inquiries placed to commercial technical support groups, especially regarding problems. Molecular Biology Problem Solver: A Laboratory Guide asks the reader to consider crucial questions, such as: Have you selected the most appropriate research strategy? Have you identified the issues critical to your successful application of a technique? Are you familiar with the limitations of a given technique? When should common procedural rules of thumb not be applied? What strategies could you apply to resolve a problem? A unique question–based format reviews common assumptions and laboratory practices, with the aim of offering a firm understanding of how techniques and procedures work, as well as how to avoid problems.</subfield>
  </datafield>
  <datafield tag="650" ind1=" " ind2=" ">
   <subfield code="a">Molecular biology,Molecular biology</subfield>
  </datafield>
  <datafield tag="650" ind1=" " ind2=" ">
   <subfield code="x">Methodology,Laboratory manuals</subfield>
  </datafield>
  <datafield tag="904" ind1=" " ind2=" ">
   <subfield code="i">Minh</subfield>
  </datafield>
  <datafield tag="980" ind1=" " ind2=" ">
   <subfield code="a">Trung tâm Học liệu Trường Đại học Cần Thơ</subfield>
  </datafield>
 </record>
</collection>
